000 01365cam a2200325Ia 4500
001 rationaleforchri00plan
003 CaSfIA
005 20210118213717.0
007 cr||||
008 810202s1980 onc b 001 0 eng d
040 _aEXC
_cEXC
_dYDXCP
_dOCLCG
_dCaSfIA
020 _a0888150849
020 _a9780888150844
035 _a(OCoLC)7096269
050 4 _aLC383
_b.P56
082 4 _a377.8
100 1 _aPlantinga, Theodore,
_d1947-
245 1 0 _aRationale for a Christian college /
_h[electronic resource]
_cTheodore Plantinga.
260 _aSt. Catharines, Ont. :
_bPaideia Press,
_cc1980.
300 _a112 p. ;
_c21 cm.
504 _aIncludes bibliographical references and index.
650 0 _aChurch colleges.
856 4 1 _uhttp://www.archive.org/details/rationaleforchri00plan
_zFree eBook from the Internet Archive
856 4 2 _uhttp://www.openlibrary.org/books/OL11265751M
_zAdditional information and access via Open Library
029 1 _aNLGGC
_b126134588
029 1 _aAU@
_b000002415252
942 _cEB
506 _fНеобхідна авторизація на https://archive.org/ (створення облікового запису безкоштовно)
506 _fНеобхідна авторизація на https://openlibrary.org/ (створення облікового запису безкоштовно)
999 _c541475
_d541475